00571nam a2200121 a 450000100100000000500170001000800410002704000250006811000980009324501410019126000920033230000250042400003912820250607073643.0130527s1994 dr 000 0 spa d aDO-SdBNPbspacBNPHU1 aRepública Dominicana. b Secretaria de Estado de Salud Pública y Asistencia Social (2001)10aEvaluación del impacto de los servicios de planificación familiar en la zona fronteriza, áreas urbanas-marginales y zonas francas. aSanto Domingo :bSecretaría de Estado de Salud Pública y Asistencia Social.,c1994. a52 [12] p. ;c22 cm.